Cluburi din Superliga Română - Statistics

General Stats
  • This quiz has been taken 44 times
    26 since last reset
  • The average score is 13 of 16
Answer Stats
Clubul % Correct
CFR Cluj
96%
CS Universitatea Craiova
96%
FCSB
96%
FC Dinamo București
91%
FC Rapid București
91%
FC Botoșani
83%
FC Universitatea Cluj
83%
Argeș Pitești
78%
FC Metaloglobus București
78%
FCV Farul Constanța
78%
SC Oțelul Galați
78%
FC Petrolul Ploiești
74%
AFC Unirea Slobozia
65%
UTA Arad
65%
AFK Csikszereda Miercurea Ciuc
57%
FC Hermannstadt
57%
No matching quizzes found
Score Distribution
Percent of People with Each Score
Percentile by Number Answered
Your Score History
You have not taken this quiz since the last reset